| 000 | 00926cam a2200253 i 4500 | ||
|---|---|---|---|
| 001 | bg | ||
| 003 | KOSZ 005 | ||
| 005 | 20200127085820.0 | ||
| 008 | 070316s1973 pl a f f |000 0 pol | ||
| 015 | _aPB 1973/4433 | ||
| 040 |
_aWA N _cKOSZ 005/HR _dKOSZ 005/HR |
||
| 080 | _a539.3/.6 | ||
| 080 | _a(075.8+076) | ||
| 100 | 1 |
_aLisowski, Aleksander _d(1919-1976) _eAutor |
|
| 245 | 1 | 0 |
_aWytrzymałość materiałów : _bprzykłady obliczeń : zadania / _cAleksander Lisowski, Adam Siemieniec. |
| 260 |
_aKraków : _bPaństwowe Wydawnictwo Naukowe, _c1973. |
||
| 300 |
_a454, [5] s. : _bil. ; _c23 cm. |
||
| 504 | _aBibliogr. | ||
| 655 | 4 | _aĆwiczenia i zadania dla szkół wyższych | |
| 650 | 4 | _aWytrzymałość materiałów | |
| 700 | 1 |
_aSiemieniec, Adam _d(1929-2011) _eAutor |
|
| 856 |
_uhttp://koha.tu.koszalin.pl/cgi-bin/koha/opac-detail.pl?biblionumber=4847 _yKatalog online BPK |
||
| 942 |
_2UKD _cKS |
||
| 999 |
_c4847 _d4847 |
||